书目信息 |
| 题名: |
工程造价信息学引论
|
|
| 作者: | 张振明 编著 | |
| 分册: | ||
| 出版信息: | 厦门 厦门大学出版社 2005.03 |
|
| 页数: | 609页 | |
| 开本: | 26cm | |
| 丛书名: | ||
| 单 册: | ||
| 中图分类: | F285 | |
| 科图分类: | ||
| 主题词: | 工程造价--gong cheng zao jia--经济信息学 | |
| 电子资源: | ||
| ISBN: | 7-5615-2351-3 | |
| 000 | 00808nam0 2200241 450 | |
| 001 | 012008811552 | |
| 005 | 20080430144056.21 | |
| 010 | @a7-5615-2351-3@dCNY55.00 | |
| 100 | @a20080430d2005 em y0chiy0120 ea | |
| 101 | 0 | @achi |
| 102 | @aCN@b350000 | |
| 105 | @aa a 000yy | |
| 106 | @ar | |
| 200 | 1 | @a工程造价信息学引论@Agong cheng zao jia xin xi xue yin lun@f张振明编著@Fzhang zhen ming bian zhu |
| 210 | @a厦门@c厦门大学出版社@d2005.03 | |
| 215 | @a609页@c图@d26cm | |
| 320 | @a有书目 | |
| 330 | @a本书由工程造价信息学基础、工程造价信息学基本原理与方法、工程造价信息资源管理和工程造价信息实务四部分组成。 | |
| 606 | 0 | @a工程造价@Agong cheng zao jia@x经济信息学 |
| 690 | @aF285@v4 | |
| 701 | 0 | @a张振明@Azhang zhen ming@4编著 |
| 801 | 0 | @aCN@bQSSK@c20080430 |
| 905 | @b299517-18@dF285@eZ244@f2 | |
| 工程造价信息学引论/张振明编著.-厦门:厦门大学出版社,2005.03 |
| 609页:图;26cm |
| ISBN 7-5615-2351-3:CNY55.00 |
| 本书由工程造价信息学基础、工程造价信息学基本原理与方法、工程造价信息资源管理和工程造价信息实务四部分组成。 |
| ● |
| 相关链接 |
|
|
|
正题名:工程造价信息学引论
索取号:F285/Z244
 
预约/预借
| 序号 | 登录号 | 条形码 | 馆藏地/架位号 | 状态 | 备注 |
| 1 | 299517 | 202995170 | 社科库409/409社科库 105排1列2层/ [索取号:F285/Z244] | 在馆 | |
| 2 | 299518 | 202995189 | 社科库409/409社科库 105排1列2层/ [索取号:F285/Z244] | 在馆 |